[Event "Biella Vercelli Province-ch"]
[Site "Biella"]
[Date "2014.03.14"]
[Round "1"]
[White "Isoardi, Luigi"]
[Black "Loggia, Davide"]
[Result "1-0"]
[WhiteElo "1758"]
[BlackElo "1436"]
[PlyCount "93"]
[EventDate "2014.03.14"]
[EventType "swiss"]
[EventRounds "5"]
[EventCountry "ITA"]
[SourceTitle "EXT 2015"]
[Source "ChessBase"]
[SourceDate "2014.11.20"]
[SourceVersion "1"]
[SourceVersionDate "2014.11.20"]
[SourceQuality "1"]

1. d4 e6 2. Nf3 d5 3. Bf4 Nf6 4. h3 c5 5. dxc5 Bxc5 6. Nbd2 Qb6 7. e3 Qxb2 8. Be5 Qb6 9. c4 Qd8 10. cxd5 exd5 11. Bb5+ Nc6 12. Qc2 Qe7 13. Rc1 0-0 14. Bxf6 gxf6 15. Qxc5 Qxc5 16. Rxc5 Nb4 17. a3 b6 18. Rc3 Na6 19. 0-0 Bb7 20. Bc6 Rac8 21. Rfc1 Bxc6 22. Rxc6 Rxc6 23. Rxc6 Kg7 24. Nd4 Re8 25. Nb5 Nb8 26. Rd6 a6 27. Nc7 Re7 28. Nxd5 Re6 29. Rxb6 Rxb6 30. Nxb6 Kf8 31. Ne4 Ke7 32. Nd5+ Ke6 33. Nexf6 Nc6 34. e4 h6 35. Ng4 h5 36. Nge3 Nd4 37. Nc7+ Ke5 38. f3 a5 39. Nc4+ Kf4 40. Nxa5 Ne2+ 41. Kf2 Nd4 42. Nc4 f5 43. exf5 Nc6 44. a4 h4 45. a5 Ne7 46. a6 Nc6 47. Nb5 1-0

[Event "Biella Vercelli Province-ch"]
[Site "Santhia"]
[Date "2013.04.12"]
[Round "5"]
[White "Isoardi, Luigi"]
[Black "Loggia, Davide"]
[Result "1-0"]
[WhiteElo "1788"]
[BlackElo "1416"]
[PlyCount "99"]
[EventDate "2013.03.08"]
[EventType "swiss"]
[EventRounds "5"]
[EventCountry "ITA"]
[SourceTitle "EXT 2014"]
[Source "ChessBase"]
[SourceDate "2013.11.20"]
[SourceVersion "1"]
[SourceVersionDate "2013.11.20"]
[SourceQuality "1"]

1. Nf3 e6 2. e4 c6 3. d4 d5 4. e5 c5 5. c4 dxc4 6. Bxc4 cxd4 7. Qxd4 Bb4+ 8. Ke2 Qc7 9. Bb5+ Nc6 10. Qxb4 a5 11. Qd6 Qb6 12. Nd4 Bd7 13. Bxc6 bxc6 14. Nb3 Qb5+ 15. Ke1 Ne7 16. Nc3 Qb4 17. Qxb4 axb4 18. Ne4 0-0 19. Bg5 Nd5 20. Ke2 h6 21. Be3 g5 22. Rhd1 Rfd8 23. Nf6+ Nxf6 24. exf6 e5 25. Bc5 e4 26. Be7 Bg4+ 27. f3 exf3+ 28. gxf3 Rxd1 29. Rxd1 Rxa2 30. fxg4 Rxb2+ 31. Nd2 b3 32. Rb1 Rxb1 33. Nxb1 Kh7 34. Kd3 Kg6 35. Kc3 h5 36. h3 b2 37. Kxb2 Kh6 38. Kc3 Kg6 39. Kc4 c5 40. Nd2 Kh6 41. Ne4 Kg6 42. Nd6 hxg4 43. hxg4 Kh7 44. Nxf7 Kg8 45. Nh6+ Kh7 46. f7 Kg6 47. f8Q Kh7 48. Qf5+ Kxh6 49. Qxg5+ Kh7 50. Bf8 1-0

[Event "Biella Vercelli Province-ch"]
[Site "Santhia"]
[Date "2013.04.05"]
[Round "4"]
[White "Loggia, Davide"]
[Black "Siclari, Giovanni"]
[Result "0-1"]
[WhiteElo "1416"]
[BlackElo "2021"]
[PlyCount "62"]
[EventDate "2013.03.08"]
[EventType "swiss"]
[EventRounds "5"]
[EventCountry "ITA"]
[SourceTitle "EXT 2014"]
[Source "ChessBase"]
[SourceDate "2013.11.20"]
[SourceVersion "1"]
[SourceVersionDate "2013.11.20"]
[SourceQuality "1"]

1. c4 e6 2. Nc3 d5 3. d4 Nf6 4. c5 b6 5. b4 a5 6. Bg5 axb4 7. Nb5 c6 8. Bxf6 gxf6 9. Nd6+ Bxd6 10. cxd6 Qxd6 11. e3 Ba6 12. Bxa6 Nxa6 13. Qf3 Ke7 14. Ne2 b3 15. axb3 Qb4+ 16. Kf1 Qxb3 17. Nc1 Qb2 18. Nb3 Qxb3 19. g3 Qd3+ 20. Kg2 Qe4 21. Rhb1 Qxf3+ 22. Kxf3 b5 23. e4 Nc7 24. e5 fxe5 25. dxe5 c5 26. Rc1 Rxa1 27. Rxa1 Ra8 28. Rc1 c4 29. Ke3 b4 30. Rb1 b3 31. Kd4 Ra2 0-1